La economía de plataformas y las relaciones de trabajo (Registro nro. 19105)

Detalles MARC
000 -LEADER
fixed length control field 00326 a2200109 4500
001 - CONTROL NUMBER
control field ART_49112
005 - DATE AND TIME OF LATEST TRANSACTION
control field 20260410161745.0
008 - FIXED-LENGTH DATA ELEMENTS--GENERAL INFORMATION
fixed length control field 260409a
100 1# - MAIN ENTRY--PERSONAL NAME
Personal name Duarte, David
245 10 - TITLE STATEMENT
Title La economía de plataformas y las relaciones de trabajo
773 0# - HOST ITEM ENTRY
Title Doctrina laboral
Related parts - N° 406 (jun. 2019)
Record control number REV4049

No hay ítems disponibles.